| 000 | 01010nam a22002415i 4500 | ||
|---|---|---|---|
| 001 | 166782 | ||
| 003 | ES-MaACL | ||
| 005 | 20230906213412.0 | ||
| 008 | 050926s1902 sp | |||||||| ||spa d | ||
| 080 | _a821.134.2-992"19" | ||
| 100 | 1 |
_aUnamuno, Miguel de, _d1864-1936 _9111982 |
|
| 245 | 1 | 0 |
_aPaisajes / _cpor Miguel de Unamuno. |
| 260 |
_aSalamanca : _b[s.n.], _c1902 ( _fEst. Tip. Calón, a cargo de A. Iglesias) |
||
| 300 |
_a66 p. ; _c19 cm. |
||
| 490 | 1 |
_aColección Calón ; _v5 / dir. literario Francisco Acebal |
|
| 505 | 8 | _aContiene: La Flecha ; Brianzuelo de la Sierra ; Puesta de sol ; Fantasía crepuscular ; Humilde heroísmo | |
| 530 | _aDisponible en formato digital. | ||
| 651 | 4 |
_aSalamanca (Provincia)- _xDescripción. _9153454 |
|
| 830 | 1 |
_aColección Calón ; _v5 / dir. literario Francisco Acebal _9222578 |
|
| 852 |
_aES-MaACL _jD-1304 _z- Enc. hol. |
||
| 856 |
_uhttp://bdh-rd.bne.es/viewer.vm?id=0000200747&page=1 _zBiblioteca Digital Hispánica |
||
| 999 |
_c166782 _d166782 |
||